Normal view
MARC view
- النثر العربي - مجموعات - الأدب العربي - تاريخ ونقد
Entry Topical Term
001 - CONTROL NUMBER
- control field: 13179
003 - CONTROL NUMBER IDENTIFIER
- control field: JO-AjAnu
005 - DATE AND TIME OF LATEST TRANSACTION
- control field: 20230606072417.0
008 - FIXED-LENGTH DATA ELEMENTS
- fixed length control field: 230606|| aca||aabn | a|a d
040 ## - CATALOGING SOURCE
- Original cataloging agency: JO-AjAnu
- Transcribing agency: JO-AjAnu
150 ## - HEADING--TOPICAL TERM
- Topical term or geographic name entry element: النثر العربي - مجموعات - الأدب العربي - تاريخ ونقد
670 ## - SOURCE DATA FOUND
- Source citation: Work cat.: (JO-AjAnu)6779: الندوي،أبي الحسن علي الحسني تأليف ؛ تعليق أبي الفضل عبد الحافظ البلياوي , author 13178, مختارات من أدب العرب قسم النثر: مجموعة تمثل الأدب العربي الإسلامي في جميع مظاهره ومناحيه الأدبية والتاريخية والتهذيبية من العصر الإسلامي الأول إلى القرن الرابع عشر للعلامة الأستاذ أبي الحسن علي الحسني الندوي